| 000 | 00918nam a22002177a 4500 | ||
|---|---|---|---|
| 003 | OSt | ||
| 005 | 20170608093026.0 | ||
| 008 | 150408b2012 slv spa | ||
| 040 | _cBMC | ||
| 082 | _a670.42 | ||
| 100 | 1 |
_934171 _aRamos Rivas, Luis Roberto |
|
| 245 | 1 | 0 |
_aPasantía en Interamerican Cargo Ltda. de C.V. _b: Informe final _cLuis Roberto Ramos Rivas |
| 260 |
_aSanta Ana (El Salvador) _bUniversidad Católica de El Salvador _c2012 |
||
| 300 |
_a51 h. _bil. col. _c27 cm _e+ 1 disco compacto |
||
| 500 | _aPrecede al tít.: Universidad Católica de El Salvador, Facultad de Ingeniería y Arquitectura | ||
| 500 | _aPeríodo de realizacón: del 25 de enero al 25 de julio de 2012 | ||
| 502 | _aPara optar al título de Ingeniero Industrial | ||
| 650 | 2 | 4 |
_919919 _aIngeniería industrial |
| 710 | 2 |
_91166 _aUniversidad Católica de El Salvador _bFacultad de Ingeniería y Arquitectura |
|
| 942 |
_2ddc _cTG |
||
| 999 |
_c20740 _d20740 |
||